000
00297nam a2200121Ia 4500
005
20251222144714.0
008
251222s9999||||xx |||||||||||||| ||spa||
082
_a
658.51/B74
100
_a
Borrero Briceño, Julio César
245
0
_a
Marketing Estratágico
264
_b
San Marcos
942
_c
LIB
999
_c
17964
_d
17964